Religion Quiz

Random Religion Quiz

The People of II Timothy Quiz Stats

 Plays Quiz not verified by Sporcle

Challenge
Share
Tweet
Embed
Score 0/21 Timer 04:00
0 Plays Today
Description Person % Correct
The author...Paul
100%
The recipient...Timothy
100%
The recipient is told to bring this man with him when he comes...Mark
80%
The recipient's mother...Eunice
73.3%
...alone is with meLuke
66.7%
The recipient's grandmother...Lois
53.3%
This one went to Dalmatia...Titus
40%
The writer greets this married couple...Prisca and Aquila
40%
These are the traditional names for the men who opposed Moses...Jannes and Jambres
33.3%
This coppersmith did the writer great harm...Alexander
33.3%
...in love with this present world, has deserted meDemas
26.7%
Description Person % Correct
Paul asks the Lord to grant mercy on this man's household...Onesiphorus
20%
This man's talk spreads like gangrene, and is upsetting the faith of some...Hymenaeus and Philetus
13.3%
...has gone to GalatiaCrescens
13.3%
This man turned away from Paul...Phygelus and Hermogenes
6.7%
This man was sent to Ephesus...Tychicus
6.7%
The writer left his cloak with this man...Carpus
6.7%
...remained at CorinthErastus
6.7%
This man was ill and remained at MiletusTrophimus
6.7%
This man sends his greetings...Eubulus
6.7%
As do...Pudens and Linus and Claudia
6.7%

You're not logged in!

Compare scores with friends on all Sporcle quizzes.
OR
Log In

You Might Also Like...

Show Comments

Extras

Created Aug 6, 2011ReportNominate
Tags:description, people, person, timothy

Top Quizzes Today


Score Distribution

Your Account Isn't Verified!

In order to create a playlist on Sporcle, you need to verify the email address you used during registration. Go to your Sporcle Settings to finish the process.

Report this User

Report this user for behavior that violates our Community Guidelines.

Details: